1960 1938 1904 1023 1229 1755 1621 1793 1520 1088 1319 1056 1451 1515 1458 1396 1286 1334 1205 1373 1610 1281 1456 1967 1708 1729 1810 1045 1516 1999 1614 1391 1729 1089 1083 1370 1591 1925 1725 1024 1948 1459 1539 1016 1064 1028 1410 1578 1145 1073 1130 1923 1094 1770 1740 1252 1548 1444 1216 1142 1475 1960 1592 1024 1205 1967 1541 1057 1738 1454 1622 1164 1418 1257 1068 1915 1571 1429 1411 1900 1551 1952 1756 1727 1838 1971 1888 1629 1743 1939 1286 1354 1728 1020 1236 1755 1787 1880 1716 BCNSPRNW ULIB Ver.6.0+V

เปลี่ยนเป็นภาษาไทย

Change to English
 แสดงรายละเอียดบรรณานุกรม
  กลับหน้าหลัก

Brief Record : Get Marc (ISO 2709) : E-mail record : QR code < ปิดหน้าต่าง
LEADER : 00000nam 2200000uu 4500
001    13399112845
003     ULIB
008    110913s2552||||th 000 0 tha d
020    9786117071102
060  4 QV767^bป347ค 2552
100 0  ประภาส มาสขาว
245 00 คู่มือเรียนรู้ พืชสมุนไพรพื้นฐาน
250    พิมพ์ครั้งที่ 1
260    กรุงเทพฯ:^bยิปซีกรุ๊ป,^c2552
300    238 หน้า:^bภาพประกอบ
650  7 สมุนไพร
945    ^p190^l0^i17750
995    กัณชพร
999    ^aใช้งานได้ทุกระบบ
รายการนี้ยังไม่มีแท็ก
คุณยังไม่ได้ล็อกอิน คุณสามารถมีกิจกรรมร่วมกับเว็บไซต์ได้ แต่ต้องล็อกอินก่อน ::
  ล็อกอิน

รายการสื่อสารสนเทศ

ลำดับที่ ประเภท เลขเรียก/บาร์โค้ด สถานที่ สถานะ
- ไม่พบข้อมูล -

รายการใกล้เคียง
    ชื่อเรื่อง [คู่มือเรียนรู้ พืชสมุนไพรพื้นฐาน]

    ผู้แต่ง [ประภาส มาสขาว]

    หัวเรื่อง [สมุนไพร]

BibComment


ยังไม่เคยถูกคอมเมนท์

คอมเมนท์ทรัพยากรรายการนี้
  คอมเมนท์: คู่มือเรียนรู้ พื..


 Copyright 2026. Bcnsprnw @Library